000 01012cai a22001815a 4500
001 E148432
008 090917u xxk g 000 0 eng d
035 _a(Sirsi) u148432
041 0 _aeng
110 2 _aHistoric Scotland
_92914
245 0 0 _aScottish castle initiative
_h[electronic resource]
520 _aWebsite of the Scottish Castle Initiative, which has been launched by Historic Scotland to help to safeguard the future of Scotland's castles. The project aims to establish an online Castle Conservation Register, to offer guidance on castle restoration, to produce an overview of castle and tower-house restoration in Scotland, and to present examples of successful restoration projects.
590 _aKA
651 4 _aScotland
_y1999-
690 _aBUILT ENVIRONMENT-BUILDING TYPES-ANCIENT MONUMENTS AND HISTORIC BUILDINGS
856 4 0 _uhttps://www.historic-scotland.gov.uk/index/heritage/scottishcastleinitiative.htm
_zView the website free of charge at www.historic-scotland.gov.uk...
942 _n0
999 _c120825
_d120825